logo

Bir Sreshtho Munshi Abdur Rouf Library
Jhenaidah Cadet College

ফেলে আসা সৈনিক জীবন / (Record no. 2907)

MARC details
000 -LEADER
fixed length control field 00658nam a2200229 a 4500
001 - CONTROL NUMBER
JCCL Control Number 2907
003 - CONTROL NUMBER IDENTIFIER
JCCL marc code BD-JhCC
005 - DATE AND TIME OF LATEST TRANSACTION
control field 20220512134022.0
008 - FIXED-LENGTH DATA ELEMENTS--GENERAL INFORMATION
fixed length control field 171108s2000 bg a|||| ||a| 000 0 ben d
020 ## - INTERNATIONAL STANDARD BOOK NUMBER
International Standard Book Number 9844120993
035 ## - SYSTEM CONTROL NUMBER
system control number (BD-JhCC)2907
040 ## - CATALOGING SOURCE
Original cataloging agency BD-JhCC
Modifying agency BD-JhCC
041 ## - LANGUAGE CODE
Language code of Book ben
082 ## - DEWEY DECIMAL CLASSIFICATION NUMBER
Classification number 891.443
Author mark and Year HAM 2000
100 ## - MAIN ENTRY--PERSONAL NAME
Personal name হামিদ, এম. এ.
245 ## - TITLE STATEMENT
Title ফেলে আসা সৈনিক জীবন /
Statement of responsibility, etc এম. এ. হামিদ,
260 ## - PUBLICATION, DISTRIBUTION, ETC. (IMPRINT)
Place of publication, distribution, etc ঢাকা :
Name of publisher, distributor, etc অনন্যা প্রকাশন,
Date of publication, distribution, etc 2000
300 ## - PHYSICAL DESCRIPTION
Pagination 190 p. :
Dimensions 22 cm.
650 ## - SUBJECT ADDED ENTRY--TOPICAL TERM
Topical term or geographic name as entry element Bengali Novel
942 ## - ADDED ENTRY ELEMENTS (KOHA)
Source of classification or shelving scheme Dewey Decimal Classification
Koha item type Books
Koha issues (borrowed), all copies 2
Holdings
Source of classification or shelving scheme Damaged status Not for loan Home library Current library Shelving location Date of accession Cost, normal purchase price Total Checkouts Full call number Barcode Date last seen Date checked out Copy number Koha item type Source of acquisition Checked out
Dewey Decimal Classification     JCC Rouf Library JCC Rouf Library General Stacks 11/08/2017 130.00 1 891.443 HAM 2000 4785 05/18/2022 05/11/2022 C-1 Books    
Dewey Decimal Classification     JCC Rouf Library JCC Rouf Library General Stacks 11/16/2017 130.00 1 891.443 HAM 2000 5373 01/28/2026 01/28/2026 C-2 Books Foundation of Tenth's Efforts 02/23/2026

JCC Library | Contacts | JCC Home

Last Update on 23 September 2017
Copyright @ 2017-2020 JCC Rouf Library
Rouf Library, Jhenidah Cadet College (JCC), Bangladesh